00508 2200193 4500001002100000005001500021008004100036020001800077035001900095041000700114082001100121090001700132100001800149700002200167245004500189260004100234300002300275650001600298INLIS00000000000077820241224112229241224||||||||| | ||| |||| || |  a979-769-026-1 0010-1224000778 aid0 a297.51 a297.51 MIS m0 aMisbahul Anam0 aSyahrillah Asfari00aMenjaga Cinta Dan Ridha Allah Yang Abadi aJakartabRaja Grafindo Persadac2005 aXII,287 hlm.;19 cm 0aAgama Islam